The Education pipeline in Nigeria / (Record no. 13094)

MARC details
000 -LEADER
fixed length control field 00577nam a22001932 4500
001 - CONTROL NUMBER
control field 0000007572
005 - DATE AND TIME OF LATEST TRANSACTION
control field 20151217155834.0
008 - FIXED-LENGTH DATA ELEMENTS--GENERAL INFORMATION
fixed length control field 080218s xx 000 0 eng d
020 ## - INTERNATIONAL STANDARD BOOK NUMBER
International Standard Book Number 9966813 :
Terms of availability KES
040 ## - CATALOGING SOURCE
Original cataloging agency KABU
Transcribing agency KABU
100 1# - MAIN ENTRY--PERSONAL NAME
Personal name Ekhaguere, Godwin O. S.
-- 0000158848
245 14 - TITLE STATEMENT
Title The Education pipeline in Nigeria /
Statement of responsibility, etc. Godwin O. S. Ekhaguere.
260 ## - PUBLICATION, DISTRIBUTION, ETC. (IMPRINT)
Place of publication, distribution, etc. Nairobi :
Name of publisher, distributor, etc. Ford Foundation,
Date of publication, distribution, etc. 2003.
300 ## - PHYSICAL DESCRIPTION
Extent ix, 28 p.
650 #0 - SUBJECT ADDED ENTRY--TOPICAL TERM
Topical term or geographic name as entry element Education
Geographic subdivision Nigeria.
-- 0000158849
908 ## - PUT COMMAND PARAMETER (RLIN)
Put command parameter 080218
950 ## - LOCAL HOLDINGS (RLIN)
-- 1
Holdings
Withdrawn status Lost status Source of classification or shelving scheme Not for loan Home library Current library Date acquired Total Checkouts Full call number Barcode Date last seen Price effective from Koha item type
    Library of Congress Classification   Kabarak, Main Campus Kabarak, Main Campus 17/12/2015   LA1631 .E34 012142 17/12/2015 17/12/2015 Africana Collection
Designed with assistance from East African Informatics Ltd